El café en la encrucijada : (Registro nro. 12667)
[ vista simple ]
| 000 -LEADER | |
|---|---|
| fixed length control field | 01752cam a2200313 a 4500 |
| 003 - CONTROL NUMBER IDENTIFIER | |
| control field | OSt |
| 005 - DATE AND TIME OF LATEST TRANSACTION | |
| control field | 20211007132646.0 |
| 008 - FIXED-LENGTH DATA ELEMENTS--GENERAL INFORMATION | |
| fixed length control field | 011012s2001 ck ad r 000 0 spa d |
| 020 ## - INTERNATIONAL STANDARD BOOK NUMBER | |
| International Standard Book Number | 9586823180 |
| 040 ## - CATALOGING SOURCE | |
| Original cataloging agency | CO-BoPUJ |
| Transcribing agency | CO-JMCR |
| 041 0# - LANGUAGE CODE | |
| Language code of text/sound track or separate title | spa |
| 082 04 - DEWEY DECIMAL CLASSIFICATION NUMBER | |
| Classification number | 338.17373 / |
| Item number | P695C |
| Edition number | 23 |
| 100 1# - MAIN ENTRY--PERSONAL NAME | |
| Personal name | Pizano Salazar, Diego, |
| Relator term | autor |
| 9 (RLIN) | 2415 |
| 245 13 - TITLE STATEMENT | |
| Title | El café en la encrucijada : |
| Remainder of title | evolución y perspectivas / |
| Statement of responsibility, etc. | Diego Pizano |
| 250 ## - EDITION STATEMENT | |
| Edition statement | Primera edición |
| 260 ## - PUBLICATION, DISTRIBUTION, ETC. | |
| Place of publication, distribution, etc. | Bogotá : |
| Name of publisher, distributor, etc. | Alfaomega, |
| Date of publication, distribution, etc. | 2001. |
| 300 ## - PHYSICAL DESCRIPTION | |
| Extent | xiii, 80 páginas |
| Other physical details | ilustraciones, graficas en blanco y negro ; |
| Dimensions | 21 cm. |
| 490 0# - SERIES STATEMENT | |
| Series statement | Libros de cambio |
| 504 ## - BIBLIOGRAPHY, ETC. NOTE | |
| Bibliography, etc. note | Incluye referencias bibliográficas. |
| 505 ## - FORMATTED CONTENTS NOTE | |
| Formatted contents note | El café y el desarrollo económico de Colombia. -- Instituciones e instrumentos de la política cafetera colombiana. -- Pioneros, empresarios y dirigentes del sector. -- Evolución reciente del fondo nacional del café. -- Comportamiento reciente de la economía cafetera internacional. |
| 520 0# - SUMMARY, ETC. | |
| Summary, etc. | En los últimos 500 años, el café se ha transformado de monopolio árabe en producto europeo colonial, en motor del desarrollo de numerosos países de Asia, África y América Latina, en un negocio multinacional y en el segundo producto básico de mayor importancia en el comercio internacional, después del petróleo. |
| 610 24 - SUBJECT ADDED ENTRY--CORPORATE NAME | |
| Corporate name or jurisdiction name as entry element | Federación Nacional de Cafeteros de Colombia |
| 9 (RLIN) | 36376 |
| 610 24 - SUBJECT ADDED ENTRY--CORPORATE NAME | |
| Corporate name or jurisdiction name as entry element | Fondo Nacional del Café |
| 9 (RLIN) | 41019 |
| 650 24 - SUBJECT ADDED ENTRY--TOPICAL TERM | |
| Topical term or geographic name entry element | Industria del café |
| Geographic subdivision | Colombia |
| Chronological subdivision | Siglo XX |
| 9 (RLIN) | 41020 |
| 650 24 - SUBJECT ADDED ENTRY--TOPICAL TERM | |
| Topical term or geographic name entry element | Desarrollo económico |
| General subdivision | Café |
| Geographic subdivision | Colombia |
| 9 (RLIN) | 41021 |
| 650 24 - SUBJECT ADDED ENTRY--TOPICAL TERM | |
| Topical term or geographic name entry element | Fondo Nacional del Café |
| Geographic subdivision | Colombia |
| 9 (RLIN) | 41022 |
| 942 ## - ADDED ENTRY ELEMENTS (KOHA) | |
| Source of classification or shelving scheme | Dewey Decimal Classification |
| Koha item type | Books |
| Withdrawn status | Lost status | Source of classification or shelving scheme | Damaged status | Not for loan | Home library | Current library | Shelving location | Date acquired | Source of acquisition | Full call number | Barcode | Date last seen | Copy number | Price effective from | Koha item type |
|---|---|---|---|---|---|---|---|---|---|---|---|---|---|---|---|
| Dewey Decimal Classification | Biblioteca Pública José María del Castillo y Rada | Biblioteca Pública José María del Castillo y Rada | General Stacks | 04/15/2018 | Donación | 338.17373 / P695c | 430005352 | 05/16/2024 | Ej.1 | 03/10/2021 | Books |